| 000 | 00744nam a22002297a 4500 | ||
|---|---|---|---|
| 005 | 20170124110034.0 | ||
| 010 | _aA-750842 | ||
| 020 |
_c00.00 _a8185028869 |
||
| 035 | _aA-750842 | ||
| 037 | _bCen Lib/Ret | ||
| 040 |
_aDPL _bEN |
||
| 082 |
_a384.6 _bDEE |
||
| 100 |
_aDee, David _922285 |
||
| 245 |
_aTelephone terrific : _cby David Dee; illustrated by Diana Bryan _bover 100 tips for phone success / |
||
| 260 |
_aBombay _bIndian Book House _c1990 |
||
| 270 |
_bBombay _aMahalaxmi Chamers, 5th Floor, 22 Bhulabhai Desai Road _e400026 |
||
| 300 |
_a171p. _c20cmHb) |
||
| 650 |
_aTelephone in business _922286 |
||
| 650 |
_aTelephone etiquette _922287 |
||
| 700 |
_aBryan, Diana _922262 |
||
| 942 |
_2ddc _cEN _h384.6 _mDEE |
||
| 999 |
_c128049 _d128049 |
||